| 000 | 01015cam a2200241 a 4500 | ||
|---|---|---|---|
| 999 |
_c330229 _d330229 |
||
| 001 | 13120701 | ||
| 003 | NUST | ||
| 005 | 20170614124924.0 | ||
| 008 | 030312s2004 maua b 001 0 eng | ||
| 010 | _a 2003002757 | ||
| 020 | _a0632059052 (pbk. : alk. paper) | ||
| 040 |
_aDLC _cDLC _dDLC |
||
| 050 | 0 | 0 |
_aQE516.4 _b.I57 2004 |
| 082 | 0 | 0 |
_a577.14 AND _221 |
| 245 | 0 | 3 |
_aAn introduction to environmental chemistry / _cJ.E. Andrews ... [et al.]. |
| 250 | _a2nd ed. | ||
| 260 |
_aMalden, Mass. : _bBlackwell Science, _cc2004. |
||
| 300 |
_axxi, 296 p. : _bill. ; _c25 cm. |
||
| 500 | _aP.B | ||
| 504 | _aIncludes bibliographical references and index. | ||
| 650 | 0 |
_aEnvironmental geochemistry. _92661 |
|
| 700 | 1 |
_aAndrews, J. E. _q(Julian E.) _92662 |
|
| 906 |
_a7 _bcbc _corignew _d1 _eecip _f20 _gy-gencatlg |
||
| 942 |
_2ddc _cBK _kIESE |
||